1599 1488 1768 1718 1522 1345 1049 1604 1895 1533 1260 1292 1223 1580 1052 1587 1718 1160 1571 1573 1209 1596 1309 1181 1981 1084 1871 1305 1286 1658 1089 1990 1320 1293 1028 1984 1784 1497 1779 1298 1393 1000 1759 1357 1190 1383 1260 1087 1522 1472 1247 1788 1034 1125 1963 1573 1805 1619 1880 1609 1992 1351 1364 1833 1820 1437 1760 1098 1510 1608 1647 1828 1755 1015 1423 1705 1617 1667 1494 1868 1805 1381 1529 1359 1703 1511 1147 1802 1786 1537 1442 1623 1298 1039 1790 1106 1211 1159 1967 BCNSPRNW ULIB Ver.6.0+V

เปลี่ยนเป็นภาษาไทย

Change to English
 แสดงรายละเอียดบรรณานุกรม
  กลับหน้าหลัก

Brief Record : Get Marc (ISO 2709) : E-mail record : QR code < ปิดหน้าต่าง
LEADER : 00000nam 2200000uu 4500
001    13399126204
003     ULIB
008    180725s2018||||th 000 0 tha d
020    ^a9780323399166
060    ^aQV4^bM129P
100    ^aLinda E. McCuistion, Kathleen Vuljon-DiMaggio, Mary B. Winton and Jennifer J. Yeager.
245    ^aPharmacology : A Patient-Centered Nursing Process Approach/^cLinda E. McCuistion, Kathleen Vuljon-DiMaggio, Mary B. Winton and Jennifer J. Yeager
250    ^a9th ed
260    ^aLouis, Missouri :^bElsevier Limited,^c2018
300    ^a918 pages;^b30 cm
650    ^aPhramacological Phenomena
650    ^aPhramaceutical Preparation
650    ^aDrug Therapy
945    ^p0^l0^i26421
999    ^aกัณชพร จุลอักษร
รายการนี้ยังไม่มีแท็ก
คุณยังไม่ได้ล็อกอิน คุณสามารถมีกิจกรรมร่วมกับเว็บไซต์ได้ แต่ต้องล็อกอินก่อน ::
  ล็อกอิน

รายการสื่อสารสนเทศ

ลำดับที่ ประเภท เลขเรียก/บาร์โค้ด สถานที่ สถานะ
1. วิทยาศาสตร์การแพทย์ และสุขภาพ
วิทยาศาสตร์การแพทย์ และสุขภาพ
QV4 M129P ฉ.1 
  Barcode: 26421
ห้องสมุดวิทยาเขตนครสวรรค์
►หนังสือทั่วไป:l:General Books
บนชั้น

รายการใกล้เคียง
    ผู้แต่ง [Linda E. McCuistion, Kathleen Vuljon-DiMaggio, Mary B. Winton and Jennifer J. Yeager.]

    หัวเรื่อง [Phramacological Phenomena]
    หัวเรื่อง [Phramaceutical Preparation]
    หัวเรื่อง [Drug Therapy]

BibComment


ยังไม่เคยถูกคอมเมนท์

คอมเมนท์ทรัพยากรรายการนี้
  คอมเมนท์: Pharmacology A ..


 Copyright 2026. Bcnsprnw @Library